| 000 -LEADER |
| fixed length control field |
01853cam a2200433 a 4500 |
| 001 - CONTROL NUMBER |
| control field |
14042811 |
| 003 - CONTROL NUMBER IDENTIFIER |
| control field |
NUST-PNEC |
| 005 - DATE AND TIME OF LATEST TRANSACTION |
| control field |
20170116180707.0 |
| 008 - FIXED-LENGTH DATA ELEMENTS--GENERAL INFORMATION |
| fixed length control field |
050719s2003 enka 000 0 eng d |
| 010 ## - LIBRARY OF CONGRESS CONTROL NUMBER |
| LC control number |
2005279383 |
| 015 ## - NATIONAL BIBLIOGRAPHY NUMBER |
| National bibliography number |
GBA508347 |
| Source |
bnb |
| 016 7# - NATIONAL BIBLIOGRAPHIC AGENCY CONTROL NUMBER |
| Record control number |
013098979 |
| Source |
Uk |
| 020 ## - INTERNATIONAL STANDARD BOOK NUMBER |
| International Standard Book Number |
0710625960 |
| 024 3# - OTHER STANDARD IDENTIFIER |
| Standard number or code |
9780710625960 |
| 035 ## - SYSTEM CONTROL NUMBER |
| System control number |
(OCoLC)ocm52006858 |
| 040 ## - CATALOGING SOURCE |
| Original cataloging agency |
P#O |
| Transcribing agency |
P#O |
| Modifying agency |
OCLCQ |
| 042 ## - AUTHENTICATION CODE |
| Authentication code |
lccopycat |
| 043 ## - GEOGRAPHIC AREA CODE |
| Geographic area code |
n-us--- |
| 050 00 - LIBRARY OF CONGRESS CALL NUMBER |
| Classification number |
HD49 |
| Item number |
.F47 2003 |
| 082 00 - DEWEY DECIMAL CLASSIFICATION NUMBER |
| Classification number |
363.34 FER |
| 100 1# - MAIN ENTRY--PERSONAL NAME |
| Personal name |
Fernandez, Louie. |
| 245 10 - TITLE STATEMENT |
| Title |
Jane's crisis communications handbook / |
| Statement of responsibility, etc. |
Louie Fernandez, Martin Merzer. |
| 246 30 - VARYING FORM OF TITLE |
| Title proper/short title |
Crisis communications handbook |
| 250 ## - EDITION STATEMENT |
| Edition statement |
1st ed. |
| 260 ## - PUBLICATION, DISTRIBUTION, ETC. |
| Place of publication, distribution, etc. |
Coulsdon, Surrey, UK ; |
| -- |
Alexandria, VA : |
| Name of publisher, distributor, etc. |
Jane's Information Group, |
| Date of publication, distribution, etc. |
c2003. |
| 300 ## - PHYSICAL DESCRIPTION |
| Extent |
229 p. : |
| Other physical details |
ill. ; |
| Dimensions |
16 cm. |
| 500 ## - GENERAL NOTE |
| General note |
http://www.amazon.com/Janes-Crisis-Communications-Handbook-Fernandez/dp/0710625960/ref=sr_1_1?s=books&ie=UTF8&qid=1411714890&sr=1-1&keywords=0710625960 |
| 505 0# - FORMATTED CONTENTS NOTE |
| Formatted contents note |
Strategic overview -- Pre-incident media relations -- Planning procedures -- Response procedures checklist -- Gathering and verifying information -- Messages and strategy -- Engaging key stakeholders -- Working with the media -- Post-incident management -- Appendices. |
| 520 ## - SUMMARY, ETC. |
| Summary, etc. |
This book is designed to assist organizations and their employees to cooperate with the media and inform, calm, and direct their stakeholders and public during any emergency. |
| 650 #0 - SUBJECT ADDED ENTRY--TOPICAL TERM |
| Topical term or geographic name entry element |
Crisis management. |
| 650 #0 - SUBJECT ADDED ENTRY--TOPICAL TERM |
| Topical term or geographic name entry element |
Emergency communication systems. |
| 650 #0 - SUBJECT ADDED ENTRY--TOPICAL TERM |
| Topical term or geographic name entry element |
Emergency management. |
| 650 #0 - SUBJECT ADDED ENTRY--TOPICAL TERM |
| Topical term or geographic name entry element |
Mass media. |
| 650 #0 - SUBJECT ADDED ENTRY--TOPICAL TERM |
| Topical term or geographic name entry element |
Public relations. |
| 700 1# - ADDED ENTRY--PERSONAL NAME |
| Personal name |
Merzer, Martin. |
| 906 ## - LOCAL DATA ELEMENT F, LDF (RLIN) |
| a |
7 |
| b |
cbc |
| c |
copycat |
| d |
2 |
| e |
ncip |
| f |
20 |
| g |
y-gencatlg |
| 942 ## - ADDED ENTRY ELEMENTS (KOHA) |
| Source of classification or shelving scheme |
|
| Koha item type |
Book |